Представление документа в формате RUSMARC

ПолеНазваниеЗначение
  Тип записи a
  Библиографический уровень m
001 Контрольный номер 14a5ab0e9c8e4650916d244f4ccb60a8
005 Дата корректировки 20140620112313.1
200 Заглавие и сведения об ответственности 1_
a Заглавие Отпуска и больничные листы
e Сведения, относящиеся к заглавию Оформление,расчет,бухгалтерский учет и налогообложение
f Первые сведения об ответственности Курбангалеева О.А.
210 Выходные данные 1_
a Место издания М.
c Издательство Вершина
d Дата издания 2003
215 Физическое описание __
a Объем 170 с.
610 Ключевые слова 0_
a Ключевые слова отпуска
610 Ключевые слова 0_
a Ключевые слова больничный лист
610 Ключевые слова 0_
a Ключевые слова компенсационные выплаты
610 Ключевые слова 0_
a Ключевые слова пособия по временной нетрудоспособности
610 Ключевые слова 0_
a Ключевые слова трудовой кодекс
610 Ключевые слова 0_
a Ключевые слова труд женщин
686 Индексы других классификаций __
a Классификационный индекс 65.9(2)245
2 Код системы rubbk
686 Индексы других классификаций __
a Классификационный индекс 65.052.9(2)2
2 Код системы rubbk
700 Автор _1
a Фамилия Курбангалеева О.А.
801 Источник записи _0
a Страна RU
b Организация РУК
c Дата составления 20031030
g Правила каталогизации PSBO
801 Источник записи _1
a Страна RU
b Организация РУК
c Дата составления 20031030
g Правила каталогизации PSBO
852 Данные о местонахождении __
i Авторский знак К93
j Шифр хранения ББК 65.9(2)24
901 Тип документа __
t Тип документа m
938 Служебная информация __
a Название организации Головной вуз
b Имя БД BOOK
c Название АИБС АИБС ИРБИС